Faithful Place / (Record no. 4361)
[ view plain ]
| 000 -LEADER | |
|---|---|
| fixed length control field | 00981cam a2200241 4500 |
| 001 - CONTROL NUMBER | |
| control field | 5200 |
| 005 - DATE AND TIME OF LATEST TRANSACTION | |
| control field | 20181127175012.0 |
| 008 - FIXED-LENGTH DATA ELEMENTS--GENERAL INFORMATION | |
| fixed length control field | 100201s2010 nyu 000 1 eng |
| 010 ## - LIBRARY OF CONGRESS CONTROL NUMBER | |
| LC control number | 2010003212 |
| 020 ## - INTERNATIONAL STANDARD BOOK NUMBER | |
| International Standard Book Number | 9780670021871 |
| 043 ## - GEOGRAPHIC AREA CODE | |
| Geographic area code | e-ie--- |
| 100 1# - MAIN ENTRY--PERSONAL NAME | |
| Personal name | French, Tana. |
| 245 10 - TITLE STATEMENT | |
| Title | Faithful Place / |
| Statement of responsibility, etc. | Tana French. |
| 260 ## - PUBLICATION, DISTRIBUTION, ETC. | |
| Place of publication, distribution, etc. | New York : |
| Name of publisher, distributor, etc. | Viking, |
| Date of publication, distribution, etc. | 2010. |
| 300 ## - PHYSICAL DESCRIPTION | |
| Extent | 400 p. ; |
| Dimensions | 24 cm. |
| 490 0# - SERIES STATEMENT | |
| Series statement | Dublin murder squad series ; |
| Volume/sequential designation | bk. 3 |
| 520 ## - SUMMARY, ETC. | |
| Summary, etc. | Detective Frank Mackey finds himself straight back in the dark tangle of relationships he left behind twenty-two years ago when the suitcase belonging to his first love, Rosie Daly, shows up behind a fireplace in a derelict house on Faithful Place. The hotly anticipated third novel of the Dublin murder squad. |
| 650 #0 - SUBJECT ADDED ENTRY--TOPICAL TERM | |
| Topical term or geographic name entry element | First loves |
| Form subdivision | Fiction. |
| Topical term or geographic name entry element | Missing persons |
| Form subdivision | Fiction. |
| Topical term or geographic name entry element | Police |
| Geographic subdivision | Ireland |
| -- | Dublin |
| Form subdivision | Fiction. |
| 651 #0 - SUBJECT ADDED ENTRY--GEOGRAPHIC NAME | |
| Geographic name | Dublin (Ireland) |
| Form subdivision | Fiction. |
| Withdrawn status | Lost status | Source of classification or shelving scheme | Damaged status | Not for loan | Collection code | Home library | Current library | Shelving location | Date acquired | Serial Enumeration / chronology | Inventory number | Total Checkouts | Total Renewals | Full call number | Barcode | Date last seen | Date last checked out | Price effective from | Koha item type |
|---|---|---|---|---|---|---|---|---|---|---|---|---|---|---|---|---|---|---|---|
| Dewey Decimal Classification | Fiction | RTC Library | RTC Library | Fiction | 07/04/2022 | 8476 | 2 | 2 | FIC 813.54 FRE | 30009468 | 02/09/2025 | 05/08/2025 | 27/11/2018 | Fiction |